000 00733nam a22002657a 4500
003 0
005 20180716102034.0
008 0
010 _aB-167273
020 _c00
_a8174464301
035 _aB-167273, B-167274
037 _bCen Lib/Ret
040 _aDPL
_bEN
_c0
082 _a382.92
_bKRI
100 _aKrishna Rao, Palle
_97416
245 _aWTO :
_cby Palle Krishna Rao
_btext and cases /
246 _b
260 _bExcel Books
_c2005
_aNew Delhi
270 _bNew Delhi
_aA-45, narayana, phase-1
_e110028
300 _axiii, 512p.
_c23cm(Hb)
500 _aIncludes appendix and index
650 _aWorld trades
_97417
650 _aCommercial relations
_97418
942 _2ddc
_cEN
_h382.92
_mKRI
999 _c123645
_d123645